|
|
|
|
| LEADER |
00000nam a2200000 a 4500 |
| 001 |
vtls009149295 |
| 003 |
SK-MaSNL |
| 005 |
20260301081307.0 |
| 007 |
co cg mnuua |
| 008 |
071012s2007 xo esp 000 0 slo |
| 015 |
|
|
|a SNBS2008/03-01006
|
| 020 |
|
|
|a 9788080522780 (elektronická kniha)
|z 8080522782
|
| 040 |
|
|
|a SNK
|b slo
|c SNK
|e AACR2
|
| 041 |
0 |
|
|a slo
|
| 044 |
|
|
|a xo
|c SK
|
| 072 |
|
7 |
|a 007
|x Teória systémov. Automatické systémy. Kybernetika. Informačné systémy
|2 konspekt
|
| 080 |
|
|
|a 007+004
|2 2001
|
| 080 |
|
|
|a 004
|2 2001
|
| 080 |
|
|
|a (076.5)
|2 2001
|
| 080 |
|
|
|a (075.3)
|2 2001
|
| 245 |
0 |
0 |
|a Zbierka maturitných príkladov z informatiky
|h elektronický zdroj
|c Ivan Bezák ... [et al.]
|
| 250 |
|
|
|a [1. vyd.]
|
| 260 |
|
|
|a Bratislava
|b Metodicko-pedagogické centrum
|c 2007
|
| 300 |
|
|
|a 1 elektronický optický disk (CD-ROM)
|c 12 cm
|
| 500 |
|
|
|a Názov z titulnej obrazovky
|
| 516 |
|
|
|a Textový dokuemnt (učebnica), súbory v rôzynch formátoch
|
| 538 |
|
|
|a Technické požiadavky: Adobe Reader 6.0
|
| 650 |
0 |
7 |
|a informatika
|2 SNKPH
|9 1124
|
| 650 |
0 |
7 |
|a maturitné skúšky
|2 SNKPH
|9 66554
|
| 655 |
|
7 |
|a praktické cvičenia
|2 SNKPH
|9 70517
|
| 655 |
|
7 |
|a učebnice stredných škôl
|2 SNKPH
|9 69323
|
| 655 |
|
7 |
|a CD-ROM
|2 SNKPH
|9 70236
|
| 655 |
|
7 |
|a elektronické zdroje
|2 SNKPH
|9 90954
|
| 700 |
1 |
|
|a Bezák, Ivan
|4 aut
|9 404364
|
| 919 |
|
|
|a 978-80-8052-278-0
|
| 999 |
|
|
|c 655482
|d 657412
|
| 952 |
|
|
|a SNK
|b SNK
|y PREZ
|7 0
|p 17A0564660
|o snkSCDM 1553
|i snk2007/22099
|8 0
|0 0
|1 0
|4 0
|d 2007-10-12
|l 0
|r 2026-02-23 18:35:26
|w 2026-02-23
|